000 00351nam a22001457a 4500
003 MACL
005 20180623154322.0
008 180623b xxu||||| |||| 00| 0 eng d
040 _cMACL
100 _aJha, V N
_968988
245 _aPolitcal Thinkers
260 _aAllahabad
_bUpasana
_c2015
650 _aPolitical Science
_972782
942 _2ddc
_cBK
999 _c58244
_d58244